000 00432nam a22001217a 4500
999 _c10258
_d10258
003 OSt
008 201218b ||||| |||| 00| 0 eng d
245 _aAbhigyan - Quest For Excellence
250 _a2014(Apr-Jun Vol.32 No.1, Jul-Sep Vol.32 No.2, Oct-Dec Vol.32 No.3) 2015(Jan-Mar Vol.32 No.4)
260 _aNew Delhi
_bFoundation for Organizational Research and Education (FORE)
650 _aMechanical Engineering
942 _2ddc
_cBV